000 00625nam a22002417a 4500
003 UA-OsUOA
001 127727
007 ta
008 20171212b un ||||| |||| 00| 0 ukr d
100 _aГолота Л.
090 _a821.161.2
_bГ61
942 _cBK
040 _aUA-OsUOA
_bukr
_cUA-OsUOA
_dUA-OsUOA
245 _aОпромінена часом
_bпоезії
300 _a224 с.
955 _a3
041 _aukr
080 _a821.161.2
020 _a966-578-032-8
260 _aК.
_bДніпро
_c2001
650 7 _a82 Література. Літературознавство
_2UDC
999 _c414949
_d414949